| 000 | 00510nam a2200169 i 4500 | ||
|---|---|---|---|
| 001 | 58351 | ||
| 003 | ES-MaACL | ||
| 005 | 20230906163803.0 | ||
| 007 | t| | ||
| 008 | 031022s1973 sp ||||1| spa d | ||
| 100 | 1 |
_aDurand, Alain. _946245 |
|
| 245 | 1 | 0 |
_aSecularización y presencia de Dios / _cAlain Durand ; traducción por María Dolores del Amo. |
| 260 |
_aMadrid : _bStudium, _c[1973] |
||
| 300 |
_a88 p. ; _c19 cm. |
||
| 700 | 1 |
_aAmo, María Dolores del. _921277 |
|
| 852 |
_aES-MaACL _jC-53675 _bR.86719 |
||
| 999 |
_c58351 _d58351 |
||